000
00259nam a2200109Ia 4500
008
190216s9999||||xx |||||||||||||| ||und||
100
_a
Jose C L
245
0
_a
Vishudhapapathinde Pangalikal
260
_b
Nbs Kottayam
650
_a
Essay Malayalam
942
_c
BK
999
_c
24725
_d
24725